000 00541nam a2200193Ia 4500
005 20250923150023.0
008 008 250917s9999 xx 000 0 eng d
037 _aTextual
040 _aDSWL
_beng
_cDSWL
041 _aeng
_2eng
084 _aY15x2, N99
_qDSWL
245 0 _aSignposts : Gender issues in post-independence India
_cEd. by R.S. Rajan
260 _aNew Delhi
_b Kali For Women
_c1999
300 _a381 p.
365 _aINR
_b400
925 _g400
942 _cTEXL
_hY15x2, N99
999 _c1458590
_d1458590